La Provincia de Barcelona en cifras
Descripción Física:
2 v. ; 15 cm
MARC
| LEADER | 00000nam a2200000Ia 4500 | ||
|---|---|---|---|
| 001 | 13024, 7979 | ||
| 003 | BGR | ||
| 005 | 20260324175600.0 | ||
| 008 | 160829s1975 - 1976 xx 000 0 cat d | ||
| 080 | |a FU-2-1, FU-2-2 | ||
| 245 | |a La Provincia de Barcelona en cifras | ||
| 260 | |a Barcelona : |b Diputación Provincial. Gabinete Técnico, |c 1975 - 1976 | ||
| 300 | |a 2 v. ; |c 15 cm | ||
| 590 | |a Aquesta obra es publica anualment. Continua amb el títol: 'Xifres : Barcelona - Catalunya'. | ||
| 590 | |a Hi ha un duplicat de l'any 1975, DUP-186-35 | ||
| 650 | |a Barcelona (Província) |x Estadístiques |9 42564 | ||
| 651 | 0 | |a Catalunya |v Estadístiques |9 55591 | |
| 710 | 1 | |a Barcelona (Catalunya : Província). |b Diputació |0 Gabinet Tècnic |9 52408 | |
| 866 | |a 1975, 1976 | ||
| 901 | |a Arxiu | ||
| 942 | |n 1 |2 udc |c MON | ||
| 952 | |0 0 |1 0 |4 0 |6 FU21_FU22 |7 1 |9 46349 |a Arxiu |b Arxiu |d 2016-12-01 |l 0 |o FU-2-1, FU-2-2 |p 13024, 7979 |r 2016-12-01 00:00:00 |w 2016-12-01 |y ARXIU | ||
| 999 | |c 50134 |d 50134 | ||